1140 1998 1409 1384 1759 1307 1946 1010 1026 1688 1885 1109 1201 2000 1436 1620 1646 1277 1634 1612 1568 1203 1864 1661 1871 1100 1357 1153 1720 1525 1489 1731 1762 1189 1669 1789 1720 1750 1205 1473 1759 1833 1784 1674 1139 1658 1344 1764 1397 1501 1754 1303 1282 1057 1463 1563 1103 1338 1381 1390 1212 1149 1438 1662 1865 1903 1454 1091 1258 1222 1679 1944 1181 1670 1293 1083 1109 1061 1144 1383 1887 1628 1491 1076 1869 1471 1084 1330 1696 1828 1060 1494 1142 1717 1278 1297 1385 1507 1645 BCNSPRNW ULIB Ver.6.0+V

เปลี่ยนเป็นภาษาไทย

Change to English
 แสดงรายละเอียดบรรณานุกรม
  กลับหน้าหลัก

Brief Record : Get Marc (ISO 2709) : E-mail record : QR code < ปิดหน้าต่าง
LEADER : 00000nam 2200000uu 4500
001    13399128621
003     ULIB
008    230921s2565||||th 000 0 tha d
020    ^a9786164437180
060    ^aWB105^bC464
245    ^aComprehensive emergency care : guide book/^cบรรณาธิการ วีระวัฒน์ เธียรประธาน, ชื่นฤทัย อังกูรทัศนียรัตน์, ไชยพร ยุกเซ็น.
250    ^aพิมพ์ครั้งที่ 1
260    ^aกรุงเทพฯ :^bภาควิชาเวชศาสตร์ฉุกเฉิน คณะแพทยศาสตร์โรงพยาบาลรามาธิบดี มหาวิทยาลัยมหิดล,^c2565
300    ^a744 หน้า;^b19 ซม.
650    ^aเวชศาสตร์ฉุกเฉิน
700 0  ^aวีระวัฒน์ เธียรประธาน,^eบรรณาธิการ
700 0  ^aชื่นฤทัย อังกูรทัศนียรัตน์,^eบรรณาธิการ
700 0  ^aไชยพร ยุกเซ็น,^eบรรณาธิการ
945    ^p650^l0^i29879
945    ^p650^l0^i29880
999    ^aกัณชพร จุลอักษร
รายการนี้ยังไม่มีแท็ก
คุณยังไม่ได้ล็อกอิน คุณสามารถมีกิจกรรมร่วมกับเว็บไซต์ได้ แต่ต้องล็อกอินก่อน ::
  ล็อกอิน

รายการสื่อสารสนเทศ

ลำดับที่ ประเภท เลขเรียก/บาร์โค้ด สถานที่ สถานะ
1. หนังสือสำรอง
หนังสือสำรอง
WB105 C464 ฉ.1 
  Barcode: 29879
ห้องสมุดวิทยาเขตนครสวรรค์
►หนังสือทั่วไป:l:General Books
บนชั้น
2. วิทยาศาสตร์การแพทย์ และสุขภาพ
วิทยาศาสตร์การแพทย์ และสุขภาพ
WB105 C464 ฉ.2 
  Barcode: 29880
ห้องสมุดวิทยาเขตนครสวรรค์
►หนังสือทั่วไป:l:General Books
บนชั้น

รายการใกล้เคียง
    หัวเรื่อง [เวชศาสตร์ฉุกเฉิน]

BibComment


ยังไม่เคยถูกคอมเมนท์

คอมเมนท์ทรัพยากรรายการนี้
  คอมเมนท์: Comprehensive em..


 Copyright 2026. Bcnsprnw @Library